El punto sobre la i : políticas culturales en Costa Rica 1948-1990 /
Guardat en:
| Autor principal: | |
|---|---|
| Format: | Desconegut |
| Idioma: | Spanish |
| Publicat: |
San José, Costa Rica :
Ministerio de Cultura, Juventud y Deportes, Dirección de Publicaciones,
1995.
|
| Matèries: | |
| Etiquetes: |
Afegir etiqueta
Sense etiquetes, Sigues el primer a etiquetar aquest registre!
|
MARC
| LEADER | 000000000a22000000004500 | ||
|---|---|---|---|
| 001 | 002784 | ||
| 020 | |a 9977590944 | ||
| 041 | 0 | |a spa | |
| 082 | 0 | 4 | |a 306 |b C965p c.1 |
| 100 | 1 | |a Cuevas Molina, Rafael, |d 1954- | |
| 245 | 1 | 3 | |a El punto sobre la i : |b políticas culturales en Costa Rica 1948-1990 / |c Rafael Cuevas Molina. |
| 260 | 1 | |a San José, Costa Rica : |b Ministerio de Cultura, Juventud y Deportes, Dirección de Publicaciones, |c 1995. | |
| 300 | |a 280 páginas ; |c 22 cm. | ||
| 505 | |a Esta biblioteca cuenta con dos ejemplares de este libro. | ||
| 650 | 4 | |a POLITICAS CULTURALES | |
| 650 | 4 | |a COSTA RICA | |
| 999 | |c 9140 |d 9140 | ||
| 942 | |c BK |h 306 C965p c.1 |2 z | ||
